000
00191 a2200097 4500
020
_a
9780836861952
041
_a
eng
100
_a
Hudson- Goff, Elizabeth
245
_a
Cesar chavez
942
_c
BK
999
_c
9986
_d
9986